00413nam a2200145Ia 4500008004100000040001900041041001200060082002800072100002000100245004400120260003500164300002100199650003700220850001000257131103s9999 xx 000 0 und d aLoreto College aEnglish a940.18/RUNbLCLIB/12566 aRunciman,Steven aByzantine CivilizationcSteven Runciman aNew YorkbMeridian Booksc1956 a255 p. c 18 cm. aHistory - Byzantine Civilization aLCLIB